000 00237nam a2200085Ia 4500
245 0 _aA bitter harvest
100 _a YELDHAM, Peter Camberwell, Vic, 2009 Rev. ed
_970313
942 _cBK
008 210817s9999 xx 000 0 und d
999 _c276544
_d276543